000 01078nam a2200289 a 4500
001 77674
003 BD-RjUL
005 20211209083017.0
008 201223r19621960enka b 000 d eng u
035 _a(BD-RjUL)77900
040 _aWSU
_dm.c
_dOCL
_dm.c
_dEQO
_beng
_cBD-RjUL
041 _aeng
082 _223
_a822.33
_bSHK 1962
100 1 _aShakespeare, William,
_d1564-1616.
_9242862
245 1 0 _aKing Lear /
_cWilliam Shakespeare; edited by George Ian Duthie and John Dover Wilson.
260 _aCambridge :
_bUniversity Press,
_cc1960 [reprinted1962]
300 _alxix, 300 p. :
_bfrontis. ;
_c18 cm.
490 1 _aThe works of Shakespeare edited for the Syndics of the Cambridge University Press by John Dover Wilson
504 _aIncludes bibliographical references.
650 _aLear, King of England (Legendary character)
_9242863
650 _aKing Lear (Shakespeare, William)
_9242864
700 1 _aDuthie, George Ian.
_9242749
700 1 _aWilson, John Dover,
_d1881-1969.
_9242866
942 _2ddc
_cBK
999 _c77674
_d77674